000 01466nam a2200277Ia 4500
999 _c4871
_d4871
003 OSt
005 20200505113629.0
008 191128s2006 sp gr 000 0 spa d
020 _a9788446024767
040 _aCO-JMCR
_cCO-JMCR
041 0 _aspa
082 0 4 _a306 /
_bW644a
100 1 _aWollen, Peter,
_eautor
_93922
245 1 3 _aEl asalto a la nevera :
_breflexiones sobre la cultura del siglo XX /
_cPeter Wollen ; traducción Cristina Piña Aldao
260 _aMadrid :
_bAkal,
_c2006
300 _a235 páginas ;
_c24 cm.
490 0 _aCuestiones de antagonismo
505 _aDirectamente del pasado. La moda, el orientalismo, el cuerpo -- Tiempos modernos. El cine, el americanismo, el robot -- El triunfo de la pintura estadounidense -- La internacional situacionista -- Notas desde el underground -- Síntomas mórbidos
520 _aEscrito con gran brío y erudición, este libro presenta una visión alternativa de la historia del arte y la cultura del siglo xx, centrándose en el ascenso y caída del movimiento moderno al calor de las luchas sociales y de las transformaciones experimenta
534 _pRaiding the icebox. Reflections on twentieth century culture
650 1 4 _aCrítica e interpretación
_ySiglo XX
_93923
650 2 4 _aEstética
_xArte y sociedad
_ySiglo XX
_93924
650 2 4 _aModernidad Estética
_xContraculturas Cultura
_ySiglo XX
_93925
700 1 _aPiña Aldao, Cristina,
_etraductora
_93926
942 _2ddc
_cBK